LEADER 02658oam 2200589 c 450 001 9910477327503321 005 20250826220005.0 024 7 $a10.3726/b12289 035 $a(CKB)4340000000238684 035 $a(oapen)https://directory.doabooks.org/handle/20.500.12854/28354 035 $a(PH02)9783954793037 035 $a(oapen)doab28354 035 $a(EXLCZ)994340000000238684 100 $a20240525d1977 uy 0 101 0 $ager 135 $aurnnunnnannuu 181 $ctxt$2rdacontent 182 $cc$2rdamedia 183 $acr$2rdacarrier 200 14$aDie ältesten tschechischen Evangeliare$eEdition, Text- und Sprachananlyse der ersten Redaktion$fJosef Vintr 205 $a1st, New ed. 210 $aFrankfurt a.M$cPH02$d1977 215 $a1 online resource (367 p.)$c, EPDF 225 0 $aSlavistische Beitra?ge$v107 300 $aPeter Lang GmbH, Internationaler Verlag der Wissenschaften 311 08$a3-95479-303-2 327 $aEinleitung - Textologisch-philologische Charakteristik - Methodik und Einteilung der Thematik - Textologische Charakteristik - Philologische Charakteristik der U?bersetzungstechnik - Linguistische Charakteristik - Zur Methodik und Problemeinteilung - Lexikologische Charakteristik - Syntaktische Charakteristik - Morphologische Charakteristik - Phonologische Charakteristik - Graphematische Charakteristik - Die Ergebnisse der linguistischen Analyse - Zusammenfassende Konfrontation der textologisch-philologischen und linguistischen Analyse - Edition - Anmerkungen zur Editionstechnik - Synopsis der Perikopen 330 $aDie folgende sprachliche Analyse der a?ltesten tschechischen Evangeliare und die daran anschliessende Edition hat es sich zum Hauptziel gesteckt, dem Leser den Text eines der a?ltesten umfangreicheren Denkma?ler der alttschechischen Sprache als Zeugnis der hohen Sprachkultur an der Wende des XIII. und XIV. Jhs. zuga?nglich zu machen. 517 $aAeltesten tschechischen Evangeliare 606 $alinguistics$2bicssc 610 $aältesten 610 $aAltkirchenslavisch 610 $aEdition 610 $aersten 610 $aEvangeliare 610 $aRedaktion 610 $aReligion 610 $aSlavische Sprachwissenschaft 610 $aSprachananlyse 610 $aText 610 $aTheologie 610 $aTschechische Republik 610 $atschechischen 610 $aVintr 615 7$alinguistics 700 $aVintr$b Josef$4aut$0465639 801 0$bPH02 801 1$bPH02 906 $aBOOK 912 $a9910477327503321 996 $aDie a?ltesten tschechischen Evangeliare$94174094 997 $aUNINA LEADER 02749nam0 22005653i 450 001 RAV0067842 005 20251003044321.0 020 $aIT$b1956 11986 090 $a631804 100 $a20030418d1956 ||||0itac50 ba 101 | $aita$afre$cita 102 $ait 181 1$6z01$ai $bxxxe 182 1$6z01$an 183 1$6z01$anc$2RDAcarrier 200 1 $aBonaparte e il Direttorio dopo Campoformio$eil problema italiano nella diplomazia europea, 1797-1798$fCarlo Zaghi 210 $aNapoli$cEdizioni scientifiche italiane$d1956 215 $aXVI, 411 p.$d22 cm. 225 | $aBiblioteca storica$i. N.S$v4 410 0$1001TO00310716$12001 $aBiblioteca storica$i. N.S$v4 500 10$aBonaparte e il Direttorio dopo Campoformio$3UM10211060$9CFIV016801$965723 606 $aTrattato di Campoformio <1797>$2FIR$3LO1C541334$9I 606 $aNapoleone I $xPolitica$2FIR$3SBLC030921$9I 606 $aNapoleone I $xPolitica$2FIR$3SBLC030921$9I 676 $a945.082$9STORIA D'ITALIA. Periodo Napoleonico.$v19 676 $a945.082$9Storia d'Italia. Periodo napoleonico 1796-1815$v20 676 $a945.082$9STORIA. ITALIA. PERIODO NAPOLEONICO, 1796-1815$v21 686 $aX0.1/BONAPARTE,NAPOLE$cBIOGRAFIE E SCRITTI SU NAPOLEONE BONAPARTE$2R 696 $aVita politica$aAttivitą politica$aAspetti politici 696 $aVita politica$aAttivitą politica$aAspetti politici 699 $aPolitica$zVita politica 699 $aPolitica$zAttivitą politica 699 $aPolitica$zAspetti politici 699 $aPolitica$zVita politica 699 $aPolitica$zAttivitą politica 699 $aPolitica$zAspetti politici 700 1$aZaghi$b, Carlo$f <1910-2004>$3CFIV016801$4070$0130368 790 1$aZaghi$b, Carlo$c $3SBNV103867$zZaghi, Carlo <1910-2004> 801 3$aIT$bIT-000000$c20030418 850 $aIT-BN0095 $aIT-SA0060 $aIT-NA0079 $aIT-CE0162 $aIT-NA0097 901 $bNAP SP$cMORISANI $nFondo Morisani 901 $bNAP BN$cF.DORIA $nIl Fondo č escluso dal servizio di prestito. La consegna del doc. é effettuata dall'Uff. Sale Consultazione. La collocazione Rari viene distribuita presso sezione Manoscritti e Rari 901 $bNAP 27$cSALA $n$ 901 $bNAP PR$cF. CORTESE$n$ 901 $bNAP 01$cGUERRAZZI $n$ 912 $aRAV0067842 950 0$aBiblioteca Centralizzata di Ateneo$c1 v.$d 01GUERRAZZI B 0652$e 0101 0000092855 VMA 1 v.$fA $h20071126$i20071126 977 $a 01$a 27$a BN$a PR$a SP 996 $aBonaparte e il Direttorio dopo Campoformio$965723 997 $aUNISANNIO